Here you will find the least and most remembered presidents of the United States of America, as well as how your score stacks up against everyone else who took this quiz.

Think you can do better this time?
Play Again.
 
This U.S. Presidents Quiz has been taken 3,988,875 times (722 today).
Years Presidents % Guessed Right
1789 - 1797George Washington
98.3%
2001 - 2009George W. Bush
96%
2009 -Barack Obama
95.5%
1989 - 1993George H. W. Bush
95.4%
1993 - 2001Bill Clinton
94.3%
1861 - 1865Abraham Lincoln
94%
1797 - 1801John Adams
93.1%
1825 - 1829John Quincy Adams
92.3%
1961 - 1963John F. Kennedy
92.2%
1801 - 1809Thomas Jefferson
91.4%
1933 - 1945Franklin D. Roosevelt
91.2%
1969 - 1974Richard Nixon
91%
1901 - 1909Theodore Roosevelt
90.9%
1981 - 1989Ronald Reagan
90%
1963 - 1969Lyndon B. Johnson
86.7%
1865 - 1869Andrew Johnson
86.6%
1977 - 1981Jimmy Carter
85.9%
1974 - 1977Gerald Ford
83%
1829 - 1837Andrew Jackson
82.6%
1953 - 1961Dwight D. Eisenhower
80.6%
1809 - 1817James Madison
79.8%
1817 - 1825James Monroe
77.7%
Years Presidents % Guessed Right
1929 - 1933Herbert Hoover
77.4%
1909 - 1913William H. Taft
75.3%
1945 - 1953Harry S. Truman
75.3%
1869 - 1877Ulysses S. Grant
75%
1841 - 1841William H. Harrison
72.1%
1889 - 1893Benjamin Harrison
71.4%
1913 - 1921Woodrow Wilson
71.2%
1885 - 1889Grover Cleveland
70.8%
1893 - 1897Grover Cleveland
70.8%
1845 - 1849James K. Polk
69.9%
1923 - 1929Calvin Coolidge
68.1%
1841 - 1845John Tyler
66.5%
1897 - 1901William McKinley
65.9%
1881 - 1881James Garfield
65.7%
1849 - 1850Zachary Taylor
65.2%
1837 - 1841Martin Van Buren
64.4%
1857 - 1861James Buchanan
59.5%
1850 - 1853Millard Fillmore
59.2%
1853 - 1857Franklin Pierce
58.1%
1921 - 1923Warren G. Harding
57.5%
1881 - 1885Chester A. Arthur
56.1%
1877 - 1881Rutherford B. Hayes
54.8%

How do you compare to other U.S. Presidents quiz takers?

Number % Answered
44 (all)
26.6%
39-43
24.2%
34-38
12.2%
29-33
10.2%
24-28
8.9%
19-23
7.1%
14-18
5.1%
9-13
3.3%
4-8
1.8%
1-3
0.7%

You might also like these games:
Presidential Inaugural Quotes   One-Term Presidents   VP to President
There are 503 comments for this game.
(Warning: comments may contain spoilers)

U.S. Presidents Quiz

Rating:
Published: July 2nd, 2007
Category: History
Plays: 3,988,875
Loading friend results....
Remember, Sporcle is now...

Part of the USA Today Sports Media Group